[Event "CAN-op"]
[Site "Winnipeg CAN"]
[Date "1997.07.20"]
[Round "10"]
[White "Kollar, Frank"]
[Black "Baragar, Fletcher"]
[Result "0-1"]
[WhiteElo "2157"]
[BlackElo "2371"]
[PlyCount "130"]
[GameId "2160767911932792"]
[EventDate "1997.07.12"]
[EventType "swiss"]
[EventRounds "10"]
[EventCountry "CAN"]
[SourceTitle "EXP 60"]
[Source "ChessBase"]
[SourceDate "1997.11.24"]
[SourceVersion "1"]
[SourceVersionDate "1997.11.24"]
[SourceQuality "1"]

1. e4 c5 2. Nc3 Nc6 3. f4 g6 4. Nf3 Bg7 5. Bb5 Nd4 6. Nxd4 cxd4 7. Ne2 Qb6 8. Bd3 d6 9. c3 Bd7 10. Qb3 Qxb3 11. axb3 e5 12. O-O Ne7 13. cxd4 exd4 14. b4 Nc6 15. b5 Nb4 16. Bc4 d3 17. Nc3 Bd4+ 18. Kh1 O-O 19. Ra4 a5 20. b3 Be6 21. Ba3 Rfe8 22. Bxb4 axb4 23. Rxa8 Rxa8 24. Nd5 Ra2 25. Bxd3 Bxd5 26. exd5 Rxd2 27. Bc4 Kg7 28. h3 h5 29. g4 h4 30. Re1 Kf6 31. Re2 Rd1+ 32. Kg2 Rg1+ 33. Kh2 Rg3 34. Re4 Bg1+ 35. Kh1 Bc5 36. Kh2 b6 37. Re1 Rf3 38. Rc1 Rc3 39. Re1 Bf2 40. Rf1 Be3 41. Be2 Bd2 42. Bc4 Re3 43. Kg2 Re4 44. f5 g5 45. Rf3 Bf4 46. Rf2 Rd4 47. Kf3 Bg3 48. Ra2 Rf4+ 49. Kg2 Ke5 50. Rd2 Ke4 51. Bf1 Ke5 52. Bc4 Kf6 53. Re2 Rd4 54. Re3 Rd1 55. Re2 Be5 56. Re4 Bd4 57. Re2 Rg1+ 58. Kh2 Rg3 59. Rg2 Rc3 60. Re2 Be5+ 61. Kg2 Rg3+ 62. Kh2 Rxg4+ 63. Kh1 Rg3 64. Kh2 Bf4 65. Rf2 Rxb3+ 0-1

[Event "CAN-op"]
[Site "Winnipeg CAN"]
[Date "1997.07.20"]
[Round "10"]
[White "Lukic, Luka"]
[Black "Kim, Phillip"]
[Result "0-1"]
[WhiteElo "1925"]
[BlackElo "2108"]
[PlyCount "140"]
[GameId "2160767911932793"]
[EventDate "1997.07.12"]
[EventType "swiss"]
[EventRounds "10"]
[EventCountry "CAN"]
[SourceTitle "EXP 60"]
[Source "ChessBase"]
[SourceDate "1997.11.24"]
[SourceVersion "1"]
[SourceVersionDate "1997.11.24"]
[SourceQuality "1"]

1. d4 Nf6 2. Nf3 g6 3. Bg5 Bg7 4. c3 O-O 5. Qc2 d5 6. e3 Bf5 7. Bd3 Bxd3 8. Qxd3 Nbd7 9. Nbd2 c5 10. O-O Re8 11. Rad1 Qb6 12. Qb1 Rac8 13. h3 Qa6 14. Rfe1 e6 15. Bf4 b5 16. Ne5 Nxe5 17. Bxe5 Nd7 18. Bxg7 Kxg7 19. dxc5 Rxc5 20. Nb3 Rc4 21. Rd4 Qb6 22. Qd1 Nf6 23. Nd2 Rxd4 24. cxd4 Rc8 25. Nb3 Nd7 26. Qd2 b4 27. Rc1 Rc4 28. Rxc4 dxc4 29. Nc1 f5 30. Qc2 Qc6 31. Nb3 Nb6 32. Nc5 Kf7 33. Nd3 Qb5 34. Ne5+ Kg7 35. Qe2 Qd5 36. Kf1 Qe4 37. Qd1 f4 38. Qc1 fxe3 39. fxe3 c3 40. bxc3 bxc3 41. Qxc3 Nd5 42. Qc6 Nxe3+ 43. Ke2 Nd5+ 44. Kf1 Qf4+ 45. Nf3 Qe3 46. Qd7+ Kh6 47. Qc8 Qd3+ 48. Kg1 Qf5 49. Kf2 Nf4 50. g4 Nxh3+ 51. Kg3 Qf4+ 52. Kxh3 Qxf3+ 53. Kh2 Qxg4 54. Qf8+ Kh5 55. Qc5+ g5 56. Qxa7 Qe2+ 57. Kg3 Qe3+ 58. Kg2 Qe4+ 59. Kg3 Kg6 60. Qe7 Qe3+ 61. Kg2 Qe2+ 62. Kg3 Qxa2 63. Qe8+ Kf5 64. Qf7+ Ke4 65. Qxh7+ Kxd4 66. Qg7+ e5 67. Qxg5 Qb3+ 68. Kf2 Qc2+ 69. Ke1 Qe4+ 70. Kd2 Qd3+ 0-1

[Event "CAN-op"]
[Site "Winnipeg CAN"]
[Date "1997.07.20"]
[Round "10"]
[White "McKay, Tom"]
[Black "Stockhausen, Peter"]
[Result "0-1"]
[WhiteElo "1697"]
[BlackElo "1728"]
[PlyCount "36"]
[GameId "2160767911932794"]
[EventDate "1997.07.12"]
[EventType "swiss"]
[EventRounds "10"]
[EventCountry "CAN"]
[SourceTitle "EXP 60"]
[Source "ChessBase"]
[SourceDate "1997.11.24"]
[SourceVersion "1"]
[SourceVersionDate "1997.11.24"]
[SourceQuality "1"]

1. e4 c6 2. d4 d5 3. Nc3 dxe4 4. Nxe4 Bf5 5. f3 e6 6. Ne2 Nf6 7. Bg5 Be7 8. Nxf6+ Bxf6 9. Bxf6 Qxf6 10. Qd2 O-O 11. O-O-O Nd7 12. g4 Bg6 13. Bg2 c5 14. h4 cxd4 15. Nxd4 Nb6 16. b3 Rac8 17. h5 Bxc2 18. Nxc2 Qa1# 0-1

[Event "CAN-op"]
[Site "Winnipeg CAN"]
[Date "1997.07.20"]
[Round "10"]
[White "Narrandes, Jashaan"]
[Black "Kesteris, Thorston"]
[Result "1-0"]
[WhiteElo "1133"]
[BlackElo "1004"]
[PlyCount "99"]
[GameId "2160767911932796"]
[EventDate "1997.07.12"]
[EventType "swiss"]
[EventRounds "10"]
[EventCountry "CAN"]
[SourceTitle "EXP 60"]
[Source "ChessBase"]
[SourceDate "1997.11.24"]
[SourceVersion "1"]
[SourceVersionDate "1997.11.24"]
[SourceQuality "1"]

1. d4 d5 2. c4 dxc4 3. Nf3 Nf6 4. Nc3 e6 5. Bg5 Be7 6. e3 b6 7. Bxc4 Bb7 8. Be2 Nc6 9. O-O h6 10. Bxf6 Bxf6 11. a3 Qd7 12. Qd2 O-O-O 13. Rfd1 Ne7 14. Rab1 Nf5 15. a4 Qe7 16. Qc2 Rd7 17. Rd2 Rhd8 18. Rbd1 c6 19. g3 g5 20. g4 Nh4 21. Nxh4 gxh4 22. h3 e5 23. dxe5 Bxe5 24. Rxd7 Rxd7 25. Rxd7 Qxd7 26. f4 Bc7 27. Kf2 Qd6 28. Qf5+ Kb8 29. Qxf7 Qc5 30. Qf6 Qb4 31. Nd1 Qxa4 32. Qxh6 Bd8 33. g5 c5 34. g6 Qc6 35. Ke1 b5 36. Qh8 Bc8 37. Qxd8 Qh1+ 38. Bf1 Qg1 39. Qd6+ Ka8 40. Qc6+ Bb7 41. Qxc5 Qg3+ 42. Nf2 Qxg6 43. Bxb5 Qb1+ 44. Nd1 Qe4 45. Bf1 Qf3 46. Nf2 Qg3 47. f5 Kb8 48. f6 Qf3 49. Qe5+ Ka8 50. Qe8+ 1-0

[Event "CAN-op"]
[Site "Winnipeg CAN"]
[Date "1997.07.20"]
[Round "10"]
[White "Nikouline, Alexandre"]
[Black "Sasata, Robert"]
[Result "0-1"]
[WhiteElo "2028"]
[BlackElo "2317"]
[PlyCount "100"]
[GameId "2160767911932798"]
[EventDate "1997.07.12"]
[EventType "swiss"]
[EventRounds "10"]
[EventCountry "CAN"]
[SourceTitle "EXP 60"]
[Source "ChessBase"]
[SourceDate "1997.11.24"]
[SourceVersion "1"]
[SourceVersionDate "1997.11.24"]
[SourceQuality "1"]

1. e4 e5 2. Nf3 Nc6 3. Bb5 f5 4. Nc3 fxe4 5. Nxe4 d5 6. Ng3 Bg4 7. h3 Bxf3 8. Qxf3 Nf6 9. Nh5 Qd6 10. Nxf6+ gxf6 11. Qh5+ Kd7 12. O-O Qe6 13. c3 Bd6 14. f4 e4 15. d3 Rag8 16. dxe4 Qxe4 17. Qf3 Bc5+ 18. Kh1 f5 19. Bd3 Qe6 20. b4 Be7 21. Qh5 Rf8 22. Bd2 Qf7 23. Qxf7 Rxf7 24. g4 fxg4 25. hxg4 h6 26. Kg2 Rg8 27. Kf3 Ne5+ 28. Ke2 Nxd3 29. Kxd3 Rxg4 30. Rf3 Rf5 31. Rh1 h5 32. Rfh3 h4 33. Re1 Bd6 34. Reh1 Be7 35. Re1 a6 36. Re2 Bd6 37. Reh2 Be7 38. Re2 b6 39. Re1 Bd6 40. Reh1 Be7 41. Re1 Bd6 42. Reh1 Bxf4 43. Rf1 Ke6 44. Rhf3 Rg3 45. Bxf4 Rxf4 46. Rxg3 Rxf1 47. Rg7 Rf7 48. Rg6+ Rf6 49. Rg7 Rh6 50. Rxc7 Kd6 0-1

[Event "CAN-op"]
[Site "Winnipeg CAN"]
[Date "1997.07.20"]
[Round "10"]
[White "Sekhar, Ganesan"]
[Black "Wierda, John"]
[Result "1-0"]
[WhiteElo "1949"]
[BlackElo "1716"]
[PlyCount "55"]
[GameId "2160767911965568"]
[EventDate "1997.07.12"]
[EventType "swiss"]
[EventRounds "10"]
[EventCountry "CAN"]
[SourceTitle "EXP 60"]
[Source "ChessBase"]
[SourceDate "1997.11.24"]
[SourceVersion "1"]
[SourceVersionDate "1997.11.24"]
[SourceQuality "1"]

1. e4 e6 2. d4 d5 3. Nd2 Nf6 4. e5 Nfd7 5. f4 c5 6. c3 Nc6 7. Ngf3 cxd4 8. cxd4 Bb4 9. a3 Ba5 10. b4 Bb6 11. Bb2 a6 12. Bd3 h6 13. O-O O-O 14. Nb3 f6 15. Nc5 Qe7 16. Rc1 Nxc5 17. dxc5 Bc7 18. Nh4 Qe8 19. exf6 Qd7 20. Qg4 e5 21. Qg6 e4 22. Be2 d4 23. Bc4+ Kh8 24. Qxe4 Rxf6 25. Ng6+ Rxg6 26. Qxg6 Ne7 27. Qf7 b5 28. Rce1 1-0

[Event "CAN-op"]
[Site "Winnipeg CAN"]
[Date "1997.07.20"]
[Round "10"]
[White "Shabalov, Alexander"]
[Black "Yoos, John"]
[Result "1-0"]
[WhiteElo "2585"]
[BlackElo "2365"]
[PlyCount "67"]
[GameId "2160767911965569"]
[EventDate "1997.07.12"]
[EventType "swiss"]
[EventRounds "10"]
[EventCountry "CAN"]
[SourceTitle "CBM 060 Extra"]
[Source "ChessBase"]
[SourceDate "1997.11.04"]
[SourceVersion "1"]
[SourceVersionDate "1997.11.04"]
[SourceQuality "1"]

1. d4 Nf6 2. c4 g6 3. Nc3 Bg7 4. e4 d6 5. Nf3 O-O 6. h3 Na6 7. Bg5 e5 8. d5 Qe8 9. g4 c6 10. Nd2 h6 11. Be3 Bd7 12. a3 c5 13. Be2 Qc8 14. Nf1 Ne8 15. Ng3 Nac7 16. b4 b6 17. h4 a5 18. bxc5 bxc5 19. h5 f5 20. gxf5 gxf5 21. Nxf5 Bxf5 22. exf5 Qxf5 23. Bd3 e4 24. Nxe4 Qe5 25. Rg1 Kh8 26. Rb1 Nf6 27. Nxf6 Rxf6 28. Qg4 Qe7 29. Rb7 Re8 30. Qxg7+ Qxg7 31. Rxg7 Kxg7 32. Rxc7+ Kf8 33. Bg6 Re7 34. Rxe7 1-0

[Event "CAN-op"]
[Site "Winnipeg CAN"]
[Date "1997.07.20"]
[Round "10"]
[White "Spraggett, Kevin"]
[Black "Hodgson, Julian"]
[Result "1/2-1/2"]
[WhiteElo "2575"]
[BlackElo "2590"]
[PlyCount "65"]
[GameId "2160767911965571"]
[EventDate "1997.07.12"]
[EventType "swiss"]
[EventRounds "10"]
[EventCountry "CAN"]
[SourceTitle "CBM 060 Extra"]
[Source "ChessBase"]
[SourceDate "1997.11.04"]
[SourceVersion "1"]
[SourceVersionDate "1997.11.04"]
[SourceQuality "1"]

1. c4 e5 2. g3 Nc6 3. Bg2 Nf6 4. Nc3 Bc5 5. a3 Bd4 6. Nd5 O-O 7. Nf3 Bb6 8. d3 h6 9. O-O d6 10. Nxb6 axb6 11. b3 Nh7 12. e3 Bg4 13. h3 Bh5 14. Qc2 f5 15. Bb2 Ng5 16. Nxg5 Qxg5 17. Kh2 Rae8 18. f4 Qd8 19. Rae1 Qd7 20. d4 e4 21. d5 Ne7 22. g4 fxg4 23. Bxe4 Nf5 24. Bxf5 Qxf5 25. e4 Qh7 26. Qg2 Qg6 27. Bd4 Rf7 28. Re3 gxh3 29. Qxg6 Bxg6 30. f5 Bh5 31. Rg1 g5 32. fxg6 Rf4 33. Rxh3 1/2-1/2

[Event "CAN-op"]
[Site "Winnipeg CAN"]
[Date "1997.07.20"]
[Round "10"]
[White "Teodoro, Eduardo"]
[Black "Gofshtein, Leonid"]
[Result "1/2-1/2"]
[WhiteElo "2350"]
[BlackElo "2545"]
[PlyCount "91"]
[GameId "2160767911965573"]
[EventDate "1997.07.12"]
[EventType "swiss"]
[EventRounds "10"]
[EventCountry "CAN"]
[SourceTitle "CBM 060 Extra"]
[Source "ChessBase"]
[SourceDate "1997.11.04"]
[SourceVersion "1"]
[SourceVersionDate "1997.11.04"]
[SourceQuality "1"]

1. e4 c5 2. Nf3 Nc6 3. d4 cxd4 4. Nxd4 Qc7 5. Nc3 e6 6. Be2 a6 7. O-O Nf6 8. Be3 d6 9. f4 Be7 10. Kh1 O-O 11. Bf3 Bd7 12. g4 Nxd4 13. Bxd4 Bc6 14. g5 Nd7 15. Be3 b5 16. Ne2 Nc5 17. Ng3 Qb7 18. Bxc5 dxc5 19. Qe2 Rfd8 20. Kg2 Qc7 21. e5 Rd4 22. Bxc6 Qxc6+ 23. Qf3 Qxf3+ 24. Kxf3 Rad8 25. Ne4 c4 26. Rae1 Kf8 27. Rf2 Ke8 28. h4 Kd7 29. Ree2 Kc6 30. h5 Rd1 31. Rd2 Bc5 32. Rxd8 Rxd8 33. Rd2 Rxd2 34. Nxd2 Bd4 35. c3 Bc5 36. Ke4 Be7 37. Kd4 Bd8 38. a3 Bb6+ 39. Ke4 Bd8 40. Nf3 g6 41. h6 Kb6 42. Nh2 Be7 43. Ng4 Kc5 44. Ne3 Kb6 45. Ng4 Kc5 46. Ne3 1/2-1/2

[Event "CAN-op"]
[Site "Winnipeg CAN"]
[Date "1997.07.20"]
[Round "10"]
[White "Wong, Ford"]
[Black "Kulczycki, Michael"]
[Result "1-0"]
[WhiteElo "2007"]
[BlackElo "1722"]
[PlyCount "115"]
[GameId "2160767911965574"]
[EventDate "1997.07.12"]
[EventType "swiss"]
[EventRounds "10"]
[EventCountry "CAN"]
[SourceTitle "EXP 60"]
[Source "ChessBase"]
[SourceDate "1997.11.24"]
[SourceVersion "1"]
[SourceVersionDate "1997.11.24"]
[SourceQuality "1"]

1. d4 d5 2. c4 e6 3. Nc3 Nf6 4. Bg5 Be7 5. e3 h6 6. Bh4 O-O 7. Nf3 b6 8. cxd5 exd5 9. Bd3 Bb7 10. O-O Nbd7 11. Rc1 Rc8 12. Nb5 c5 13. Bg3 a6 14. Nd6 Bxd6 15. Bxd6 Re8 16. Bf4 cxd4 17. Nxd4 Rxc1 18. Qxc1 Nc5 19. Bb1 Ne6 20. Be5 Nxd4 21. exd4 Qe7 22. Qc7 Qxc7 23. Bxc7 Re2 24. b3 b5 25. f3 Re7 26. Rc1 g6 27. Kf2 Ne8 28. Bf4 h5 29. b4 Kg7 30. h4 Re6 31. a3 Rc6 32. Rc5 Rxc5 33. dxc5 Kf6 34. Ke3 Ke6 35. Kd4 Bc6 36. Ba2 Nf6 37. Bb1 Ne8 38. Ba2 Nf6 39. Be5 Nd7 40. Bd6 Nf6 41. Ke3 Ne8 42. Bb8 Kf5 43. Bb1+ Ke6 44. Kf4 Ng7 45. Kg5 Be8 46. g4 hxg4 47. fxg4 f5 48. gxf5+ Nxf5 49. Bxf5+ gxf5 50. h5 Bd7 51. h6 Kf7 52. Be5 Kg8 53. Kg6 Be8+ 54. Kxf5 Bd7+ 55. Kf6 Kh7 56. Bf4 Bc8 57. Ke5 Bb7 58. Kd6 1-0

[Event "Calgary August op"]
[Site "Calgary CAN"]
[Date "1997.08.03"]
[Round "5"]
[White "Walker, Warrick"]
[Black "Afrah, Navid"]
[Result "1-0"]
[WhiteElo "2141"]
[BlackElo "2247"]
[PlyCount "57"]
[GameId "2160767911932274"]
[EventDate "1997.08.01"]
[EventType "swiss"]
[EventRounds "5"]
[EventCountry "CAN"]
[SourceTitle "CFC 1997.10"]

1. e4 e6 2. d4 d5 3. e5 c5 4. c3 Nc6 5. Nf3 Nh6 6. dxc5 Qc7 7. Bb5 Bxc5 8. Bxh6 gxh6 9. O-O Qb6 10. Qe2 Bd7 11. b4 Bf8 12. Nbd2 Bg7 13. c4 a6 14. Bxc6 Bxc6 15. a3 Rd8 16. c5 Qc7 17. Rfe1 d4 18. Nc4 Bb5 19. Qa2 Bxc4 20. Qxc4 Rd5 21. Rad1 Bxe5 22. Rxe5 Rxe5 23. Qxd4 f6 24. Nxe5 fxe5 25. Qg4 Qf7 26. Rd6 Rg8 27. Qxe6+ Qxe6 28. Rxe6+ Kf7 29. Rb6 1-0

[Event "Calgary CC Summer Sect."]
[Site "Calgary CAN"]
[Date "1997.07.22"]
[Round "1"]
[White "Odachowski, Arthur"]
[Black "Milne, Arthur"]
[Result "0-1"]
[WhiteElo "2195"]
[BlackElo "2041"]
[PlyCount "64"]
[GameId "2160767911932492"]
[EventDate "1997.07.22"]
[EventType "swiss"]
[EventRounds "5"]
[EventCountry "CAN"]
[SourceTitle "CFC 1997.10"]

1. d4 e6 2. e4 d5 3. Nd2 c5 4. exd5 exd5 5. Ngf3 Nc6 6. Bb5 Bd6 7. dxc5 Bxc5 8. O-O Nge7 9. Nb3 Bd6 10. c3 O-O 11. Bg5 f6 12. Bh4 Bg4 13. Be2 Re8 14. Bg3 Bxg3 15. hxg3 Qb6 16. Qd2 Rad8 17. Rfe1 Nf5 18. Qf4 Re4 19. Qd2 Nxg3 20. Rad1 Nxe2+ 21. Rxe2 Qb5 22. Nfd4 Nxd4 23. Rxe4 dxe4 24. Nxd4 Bxd1 25. Qxd1 Qxb2 26. Qg4 Qxa2 27. Nf5 g6 28. Nh6+ Kf8 29. Qxe4 Qd2 30. Qh4 Kg7 31. Ng4 Qd1+ 32. Kh2 Qd6+ 0-1

[Event "Canada Day op"]
[Site "Toronto CAN"]
[Date "1997.06.28"]
[Round "3"]
[White "Zugic, Igor"]
[Black "Day, Lawrence"]
[Result "0-1"]
[WhiteElo "2338"]
[BlackElo "2494"]
[PlyCount "142"]
[GameId "2160767911965586"]
[EventDate "1997.06.27"]
[EventType "swiss"]
[EventRounds "5"]
[EventCountry "CAN"]
[SourceTitle "CFC 1997.10"]

1. d4 Nf6 2. Nf3 d6 3. g3 Nbd7 4. c4 e5 5. Nc3 c6 6. e4 Be7 7. Bg2 O-O 8. O-O a6 9. a4 a5 10. h3 exd4 11. Nxd4 g6 12. Be3 Re8 13. Qc2 Nc5 14. Rad1 Nfd7 15. f4 Qb6 16. Bf2 Qb4 17. b3 Bf6 18. Rb1 Qb6 19. Rfd1 Bg7 20. Nde2 Qc7 21. Rd2 Na6 22. Qd1 Bf8 23. Kh2 Ndc5 24. Bd4 Qe7 25. Nc1 h5 26. Nd3 Ne6 27. Bg1 Bg7 28. Ne2 h4 29. g4 g5 30. Kh1 gxf4 31. Nexf4 Nxf4 32. Nxf4 Nc5 33. Bxc5 dxc5 34. Qf3 Be6 35. Rbd1 Be5 36. Nxe6 Qxe6 37. Qe3 Qe7 38. Rd7 Rad8 39. Qd3 Rxd7 40. Qxd7 Qxd7 41. Rxd7 Rb8 42. Rd3 b5 43. cxb5 cxb5 44. axb5 Rxb5 45. Bf3 Bd4 46. Kg2 Kg7 47. Bd1 Rb4 48. Kf1 Kf6 49. Rf3+ Ke6 50. Ke2 Be5 51. Bc2 f6 52. Rf5 c4 53. bxc4 a4 54. Rf3 Rxc4 55. Kd1 Bb2 56. Rf5 Rd4+ 57. Ke2 Bc3 58. Rd5 a3 59. Rxd4 Bxd4 60. Bb3+ Ke5 61. Kf3 Bc5 62. Bf7 Bf8 63. Ke3 Bh6+ 64. Kd3 Bg5 65. Kc2 Kxe4 66. Kc3 Kf3 67. Kd3 Kg3 68. Ke2 Kxh3 69. Kf3 Kh2 70. Kf2 Bf4 71. Be6 Bd6 0-1

[Event "Canada Day op"]
[Site "Toronto CAN"]
[Date "1997.06.28"]
[Round "5"]
[White "Gillanders, Robert"]
[Black "Vanden, Ron"]
[Result "1-0"]
[WhiteElo "1974"]
[BlackElo "1654"]
[PlyCount "154"]
[GameId "2160767911965587"]
[EventDate "1997.06.27"]
[EventType "swiss"]
[EventRounds "5"]
[EventCountry "CAN"]
[SourceTitle "CFC 1997.12"]

1. d4 d5 2. c4 c6 3. Bf4 Bf5 4. Nc3 Nf6 5. e3 dxc4 6. Bxc4 e6 7. Nge2 Nbd7 8. O-O Nb6 9. Bb3 Be7 10. Rc1 O-O 11. Ng3 Re8 12. Nxf5 exf5 13. h3 Nfd5 14. Bh2 Bf6 15. Re1 Bg5 16. Nxd5 Nxd5 17. Qd3 g6 18. a3 Qd7 19. Ba2 Rac8 20. b4 Bd8 21. b5 Bc7 22. Bxc7 Rxc7 23. bxc6 Rxc6 24. Rxc6 Qxc6 25. Bxd5 Qxd5 26. Rc1 Qa5 27. Qc3 Qxc3 28. Rxc3 Re7 29. g3 Kg7 30. Kf1 Kf6 31. Ke2 Rd7 32. Kd3 Ke6 33. f3 g5 34. Rc5 f6 35. g4 fxg4 36. hxg4 h5 37. gxh5 Rh7 38. e4 Rxh5 39. Rc7 Rh3 40. Ke2 g4 41. fxg4 Rxa3 42. Rxb7 Rg3 43. Rxa7 Rxg4 44. Ra6+ Ke7 45. Kf3 Rg1 46. Kf2 Rg4 47. Ke3 Rg3+ 48. Kd2 Rg2+ 49. Kd3 Rg3+ 50. Kc4 Re3 51. Kd5 Re1 52. Re6+ Kf7 53. Kd6 Rd1 54. d5 Ra1 55. Re7+ Kg6 56. Rc7 Ra4 57. Re7 Rd4 58. Kc5 Rd1 59. d6 Rc1+ 60. Kd5 Rd1+ 61. Ke6 Re1 62. Kd7 Ra1 63. Kc8 Rc1+ 64. Kd8 Ra1 65. d7 Ra8+ 66. Kc7 f5 67. e5 f4 68. Re8 Ra7+ 69. Kd6 Ra6+ 70. Ke7 Ra7 71. Rg8+ Kh7 72. Rf8 Kg7 73. Rxf4 Rb7 74. e6 Ra7 75. Rg4+ Kh8 76. Kf7 Rxd7+ 77. exd7 Kh7 1-0

[Event "Carnaval"]
[Site "Quebec CAN"]
[Date "1997.01.24"]
[Round "1"]
[White "Cinq-Mars, Nicolas"]
[Black "Goldenberg, Danny"]
[Result "1-0"]
[WhiteElo "1905"]
[BlackElo "2088"]
[PlyCount "73"]
[GameId "2160767911999414"]
[EventDate "1997.01.24"]
[EventType "swiss"]
[EventRounds "5"]
[EventCountry "CAN"]
[SourceTitle "Echec+ 1997.05"]

1. e4 c5 2. Nf3 Nc6 3. g3 g6 4. Nc3 Bg7 5. Bg2 e6 6. O-O Nge7 7. d3 O-O 8. Be3 Nd4 9. Qd2 d5 10. Bh6 Nxf3+ 11. Bxf3 d4 12. Ne2 Nc6 13. Bxg7 Kxg7 14. Bg2 Rb8 15. f4 f5 16. exf5 exf5 17. Bxc6 bxc6 18. b3 Qd6 19. Rae1 Bb7 20. Nc1 c4 21. dxc4 c5 22. h3 g5 23. Nd3 Kh8 24. Re5 gxf4 25. Qxf4 Rg8 26. Kh2 Qc6 27. Qf2 Rxg3 28. Qxg3 Rg8 29. Qxg8+ Kxg8 30. Rg1+ Kf7 31. Rxf5+ Ke6 32. Re5+ Kf6 33. Rf1+ Kg7 34. Rg5+ Kh6 35. h4 a5 36. Ne5 Qd6 37. Rf6+ 1-0

[Event "Carnaval"]
[Site "Quebec CAN"]
[Date "1997.01.24"]
[Round "1"]
[White "Drolet, Stephane"]
[Black "Linskiy, Oleg"]
[Result "0-1"]
[WhiteElo "1947"]
[BlackElo "2371"]
[PlyCount "54"]
[GameId "2160767911999415"]
[EventDate "1997.01.24"]
[EventType "swiss"]
[EventRounds "5"]
[EventCountry "CAN"]
[SourceTitle "Echec+ 1997.05"]

1. d4 Nf6 2. Bg5 d5 3. Bxf6 exf6 4. e3 Bd6 5. c4 dxc4 6. Bxc4 O-O 7. Nc3 c6 8. Qf3 Nd7 9. Nge2 Re8 10. O-O-O Nf8 11. g4 Be6 12. Bxe6 Nxe6 13. h4 Rc8 14. Kb1 Nf8 15. Ne4 Bb4 16. N2c3 Qe7 17. Rc1 Qe6 18. h5 Nd7 19. Ng3 Nb6 20. Nf5 Nc4 21. Qg2 g6 22. Rhd1 b5 23. d5 cxd5 24. Nd4 Qa6 25. Ndxb5 Bxc3 26. Nxc3 Rb8 27. b3 Qa3 0-1

[Event "Dance o Joy"]
[Site "Edmonton CAN"]
[Date "1997.11.06"]
[Round "1"]
[White "Ottosen, David"]
[Black "Regimbald, Adrien"]
[Result "1-0"]
[WhiteElo "2052"]
[BlackElo "1655"]
[PlyCount "41"]
[GameId "2160767911874417"]
[EventDate "1997.11.06"]
[EventType "swiss"]
[EventRounds "4"]
[EventCountry "CAN"]

1. d4 g6 2. c4 Bg7 3. e4 c5 4. Nf3 cxd4 5. Nxd4 Qb6 6. Nb3 Nc6 7. Be3 Qc7 8. Qd2 Ne5 9. Na3 Nf6 10. Nb5 Qd8 11. f3 a6 12. Nc3 O-O 13. Be2 d6 14. O-O Be6 15. Nd5 Rc8 16. Bb6 Qd7 17. Rac1 Rc6 18. Be3 h5 19. Nb6 Qc7 20. Qb4 Nfd7 21. Nd5 1-0

[Event "Dance o Joy"]
[Site "Edmonton CAN"]
[Date "1997.11.13"]
[Round "2"]
[White "Lovi, Aaron"]
[Black "Ottosen, David"]
[Result "0-1"]
[WhiteElo "1710"]
[BlackElo "2052"]
[PlyCount "40"]
[GameId "2160767911874418"]
[EventDate "1997.11.06"]
[EventType "swiss"]
[EventRounds "4"]
[EventCountry "CAN"]

1. e4 e5 2. Nf3 Nc6 3. d4 exd4 4. Nxd4 Nf6 5. Nxc6 bxc6 6. Bd3 d5 7. Bg5 Be7 8. Qe2 O-O 9. exd5 Bg4 10. f3 Re8 11. Kf1 Qxd5 12. Qd2 Bxf3 13. Nc3 Ne4 14. Nxd5 Nxd2+ 15. Bxd2 Bxd5 16. Re1 Bh4 17. Re2 c5 18. c4 Bc6 19. Bf4 Rad8 20. Bc2 Bxg2+ 0-1

[Event "Dance o Joy"]
[Site "Edmonton CAN"]
[Date "1997.11.20"]
[Round "3"]
[White "Ottosen, David"]
[Black "Dean, Tim"]
[Result "1-0"]
[WhiteElo "2052"]
[BlackElo "1928"]
[PlyCount "77"]
[GameId "2160767911874419"]
[EventDate "1997.11.06"]
[EventType "swiss"]
[EventRounds "4"]
[EventCountry "CAN"]

1. Nf3 Nf6 2. c4 g6 3. d4 Bg7 4. e4 d6 5. Nc3 O-O 6. Be2 Nbd7 7. O-O e5 8. h3 Re8 9. d5 a5 10. Ne1 Nc5 11. f3 Nfd7 12. Be3 f5 13. Nd3 f4 14. Bf2 Nxd3 15. Bxd3 Nf6 16. c5 g5 17. Rc1 Bf8 18. Nb5 h5 19. cxd6 Bxd6 20. Qc2 Re7 21. Bc5 Ne8 22. Qb3 Rg7 23. Kf2 g4 24. hxg4 Qh4+ 25. Ke2 hxg4 26. Bf2 gxf3+ 27. gxf3 Rg2 28. Nxd6 cxd6 29. Qb5 Bh3 30. Qxb7 Rd8 31. Qb6 Ra8 32. Rg1 Qh5 33. Qb7 Rd8 34. Qe7 Rd7 35. Rxg2+ Bxg2 36. Qxd7 Qxf3+ 37. Ke1 Ng7 38. Rc8+ Kh7 39. Rc7 1-0

[Event "Dance o Joy"]
[Site "Edmonton CAN"]
[Date "1997.11.27"]
[Round "4"]
[White "Newton, Geoff"]
[Black "Ottosen, David"]
[Result "0-1"]
[WhiteElo "2047"]
[BlackElo "2052"]
[PlyCount "60"]
[GameId "2160767911874420"]
[EventDate "1997.11.06"]
[EventType "swiss"]
[EventRounds "4"]
[EventCountry "CAN"]

1. e4 c5 2. Nc3 Nc6 3. g3 g6 4. Bg2 Bg7 5. d3 d6 6. f4 Bd7 7. Rb1 Rb8 8. Be3 b5 9. Nf3 Qa5 10. O-O b4 11. Ne2 Qxa2 12. e5 Qa5 13. Ng5 dxe5 14. Nxf7 Kxf7 15. fxe5+ Nf6 16. exf6 Bxf6 17. Bd5+ Kg7 18. Qd2 h5 19. Bg5 Nd4 20. Rbe1 Nf5 21. Bxf6+ exf6 22. Nf4 Rhe8 23. Ne6+ Bxe6 24. Bxe6 Nd4 25. Qf4 Qd8 26. Bc4 Ne2+ 27. Rxe2 Rxe2 28. Ra1 Qe7 29. Qxb8 Qe3+ 30. Kh1 Qf3+ 0-1

[Event "Day-Livshits m"]
[Site "Brampton CAN"]
[Date "1997.07.05"]
[Round "1"]
[White "Livshits, Ron"]
[Black "Day, Lawrence"]
[Result "0-1"]
[WhiteElo "2468"]
[BlackElo "2488"]
[PlyCount "98"]
[GameId "2160767911965576"]
[EventDate "1997.07.05"]
[EventType "match"]
[EventRounds "2"]
[EventCountry "CAN"]
[SourceTitle "CFC 1997.10"]

1. d4 Nf6 2. c4 d6 3. Nc3 c6 4. e4 Nbd7 5. Be3 a6 6. b4 e5 7. d5 cxd5 8. cxd5 Be7 9. h3 O-O 10. Nf3 g6 11. Bh6 Re8 12. Be2 Nh5 13. Qd2 Nb6 14. a4 Bd7 15. a5 Nc8 16. O-O Ng7 17. Rfb1 f5 18. b5 axb5 19. Bxb5 Bxb5 20. Rxb5 b6 21. a6 Bf6 22. Qb2 f4 23. Bxg7 Kxg7 24. Rb3 Qd7 25. Nb5 h5 26. Rc3 Bd8 27. Rac1 Re7 28. Ng5 Kh6 29. Ne6 Na7 30. Nbc7 Rb8 31. Qb4 b5 32. Nxd8 Qxd8 33. Ne6 Qb6 34. Rc6 Nxc6 35. Rxc6 Qxc6 36. dxc6 Rxe6 37. a7 Ra8 38. Qxb5 Re7 39. Qb8 Raxa7 40. Qh8+ Rh7 41. Qf8+ Rhg7 42. Qxd6 Rge7 43. Qf6 Kh7 44. Kf1 Ra1+ 45. Ke2 Ra2+ 46. Kd3 Rea7 47. f3 R7a3+ 48. Kc4 Rc2+ 49. Kd5 Ra5+ 0-1

[Event "Defi Jeunesse qual."]
[Site "Montreal CAN"]
[Date "1997.11.13"]
[Round "1"]
[White "Bachand-Fleurent, Julien"]
[Black "Gottlieb, Jonathan"]
[Result "0-1"]
[WhiteElo "1639"]
[BlackElo "1906"]
[PlyCount "62"]
[GameId "2160767911874370"]
[EventDate "1997.11.15"]
[EventType "swiss"]
[EventRounds "4"]
[EventCountry "CAN"]
[SourceTitle "FQE 01"]

1. e4 c5 2. Nf3 d6 3. d4 cxd4 4. Nxd4 Nf6 5. Nc3 a6 6. Bd3 e6 7. Be3 b5 8. f3 Bb7 9. Qd2 Nbd7 10. g4 Ne5 11. Be2 Rc8 12. O-O-O Nfd7 13. Bf2 Nb6 14. Nb1 Nec4 15. Qe1 Qc7 16. Bd3 Be7 17. h4 Bf6 18. Qe2 Be5 19. Be3 d5 20. Nd2 Nxb2 21. Bxb5+ Kf8 22. Bd3 N6a4 23. Nb1 Nc3 24. Nxc3 Qxc3 25. Kb1 Na4 26. Kc1 Bd6 27. Rdf1 Ba3+ 28. Kd1 Qa1+ 29. Kd2 Bb4+ 30. c3 Qxc3+ 31. Kd1 Nb2+ 0-1